Miasta, które leżałyby w województwie środkowopomorskim - Statystyki

Ogólne statystyki
  • Ten quiz został rozwiązany 60 razy
  • Średni wynik to 15 z 38
Statystyki odpowiedzi
Populacja Miasto % Poprawnych
107 225 Koszalin
93%
46 568 Kołobrzeg
91%
90 769 Słupsk
91%
15 709 Ustka
70%
13 935 Darłowo
64%
40 336 Szczecinek
64%
16 918 Bytów
63%
12 590 Sławno
55%
13 869 Człuchów
54%
2937 Mielno
54%
24 368 Białogard
48%
10 738 Miastko
48%
25 801 Wałcz
48%
11 750 Drawsko Pomorskie
46%
4061 Bobolice
45%
7155 Czaplinek
38%
15 725 Świdwin
38%
2171 Biały Bór
36%
8307 Połczyn-Zdrój
34%
13 068 Złocieniec
34%
5958 Karlino
30%
6621 Sianów
30%
2946 Polanów
27%
18 441 Złotów
27%
4905 Borne Sulinowo
25%
5983 Czarne
25%
3646 Kępice
23%
2518 Tychowo
23%
2363 Człopa
21%
5152 Debrzno
21%
4375 Kalisz Pomorski
21%
3064 Mirosławiec
21%
8671 Jastrowie
20%
3742 Barwice
18%
2410 Gościno
14%
3983 Okonek
14%
1938 Tuczno
14%
3733 Krajenka
11%
Nie znaleziono quizów pasujących do podanych kryteriów
Rozkład punktacji
Procent ludzi z każdym wynikiem
Percentyl według liczby udzielonych odpowiedzi
Twoja historia wyników
Nie rozwiązałeś tego quizu